Evidovaná nezamestnanosť a miera nezamestnanosti za disponibilný počet evidovaných nezamestnaných k 31.5.1998

Bibliographic Details
Format: Article
Language:Slovak
PhysicalDescription:Tab.
Subjects:

MARC

LEADER 00000nab a2200000 a 4500
001 vtls000663923
003 SK-MaSNL
005 20260302183014.0
008 180206c1998 xo 0 slo
015 |a SNBRB1998/06-15154 
035 |a CLN000016109 
040 |a SNKBUCL  |b slo  |c SNKBUCL  |e AACR2 
041 0 |a slo 
044 |a xo  |c SK 
080 |a 31:331.56(437.6)  |2 UDC-MRF-SK2 
245 0 0 |a Evidovaná nezamestnanosť a miera nezamestnanosti za disponibilný počet evidovaných nezamestnaných k 31.5.1998 
300 |b Tab. 
650 0 7 |a nezamestnanosť evidovaná  |z Slovensko  |y máj 1998  |x tabuľky štatistické  |2 snkbucl  |9 895945 
655 7 |a články z novín a časopisov  |2 snkbucl  |9 267496 
773 0 |t Bulletin  |g Č. 5 (1998), s. 25 
850 |a Slovenská národná knižnica v Martine 
852 |a SNK  |b KIS3GCP 
958 |a RBX 
999 |c 1420122  |d 1422052